000
00323nam a2200133Ia 4500
005
20260328101518.0
008
260328s9999||||xx |||||||||||||| ||und||
100
_a
Moholy-Nagy, László
245
0
_a
Vision in motion /
_c
László Moholy-Nagy
260
_b
Paul Theobold
300
_a
371 p.
650
_a
ARTE
942
_c
BK
999
_c
9463
_d
9463